| 000 | 00794cam a2200229 4500 | ||
|---|---|---|---|
| 001 | WB3820-01 | ||
| 008 | 020530n2002 000 0 eng u | ||
| 035 | _a(Sirsi) u118243 | ||
| 245 | _aeBay deal see Yahoo close European sites | ||
| 260 | _c2002 | ||
| 490 |
_aAntiques Trade Gazette _v(1541) 1 June 2002, 1(1) |
||
| 520 | _aYahoo will close its auction sites that serve France, Germany, Italy and Spain and instead promote eBay's competing auctions as part of a multi-year agreement. eBay has had mixed results with its overseas forays and Yahoo has struggled with auctions. | ||
| 590 | _aWB | ||
| 650 | _aAUCTION SITES | ||
| 650 | _aE-COMMERCE | ||
| 650 | _aEUROPE | ||
| 650 | _aINTERNET | ||
| 650 | _aEBAY | ||
| 650 | _aYAHOO | ||
| 690 |
_aAuctioneering _96218 |
||
| 942 | _n0 | ||
| 999 |
_c70403 _d70403 |
||